Stories from shakespeare / (Record no. 2952)
[ view plain ]
| 000 -LEADER | |
|---|---|
| fixed length control field | 00402cam a2200157ua 4500 |
| 041 ## - LANGUAGE CODE | |
| Language code of text/sound track or separate title | eng |
| 082 ## - DEWEY DECIMAL CLASSIFICATION NUMBER | |
| Classification number | 823.301 |
| Item number | SHA/ST |
| 100 ## - MAIN ENTRY--AUTHOR NAME | |
| Personal name | Shakespeare, William. |
| 245 ## - TITLE STATEMENT | |
| Title | Stories from shakespeare / |
| 250 ## - EDITION STATEMENT | |
| Edition statement | / |
| 260 ## - PUBLICATION, DISTRIBUTION, ETC. (IMPRINT) | |
| Place of publication | Calcutta : |
| Name of publisher | Oxford University Press , |
| Year of publication | 1966. |
| 300 ## - PHYSICAL DESCRIPTION | |
| Number of Pages | 137 ; . |
| 942 ## - ADDED ENTRY ELEMENTS (KOHA) | |
| Koha item type | Books |
| Withdrawn status | Lost status | Damaged status | Home library | Current library | Date acquired | Full call number | Accession Number | Koha item type |
|---|---|---|---|---|---|---|---|---|
| Withdrawn | KAUAET | Sanskrit University | 07/04/2012 | 823.301 | 11079 | Books |
